| 000 | 00598nam a2200181 4500 | ||
|---|---|---|---|
| 008 | 160322b xxu||||| |||| 00| 0 eng d | ||
| 020 | _a9781435499621 | ||
| 082 |
_22010 _aDC 610.73 _bAl79 |
||
| 100 |
_94300 _aAltman, Gaylene Bouska |
||
| 245 |
_aFundamental & advanced nursing skills/ _cGaylene Bouska Altman. |
||
| 250 | _aThird edition | ||
| 260 |
_aAustralia: _bThomson Delmar, _c©2010. |
||
| 300 |
_axvii, 1569 pages: _bcolor illustrations; _c 27 cm. |
||
| 500 | _aIncludes bibliographical references and index. | ||
| 650 | 0 |
_94302 _aNursing |
|
| 365 |
_b6, 624.75 _cPhp |
||
| 942 |
_2ddc _cDC |
||
| 999 |
_c1419 _d1419 |
||